Austria True Or False? - Statistics

General Stats
  • This quiz has been taken 114 times
  • The average score is 13 of 15
Answer Stats
Question Answer % Correct
More people live in Austria than Texas False
100%
Austria is not an Alpine country False
100%
Austria is member of NATO False
100%
The most spoken language of Austria is German True
100%
Vienna is also called "The Heart of Europe" True
100%
Over 50% of Austria's waste is recycled True
100%
During WW1, The Emperor of Austria was Archduke Ferdinand False
86%
Austria was part of Allied power during WW1 False
86%
Danube starts from Austria False
86%
The Mongols and Ottomans, both were defeated in Vienna True
86%
Austria border more than Four Landlocked Countries True
86%
Austria border Croatia False
71%
Austria shares it longest border with Germany True
71%
The province of Burgenland was established after WW2 True
71%
Over 60% of Austria's land is covered by forests False
29%
No matching quizzes found
Score Distribution
Percent of People with Each Score
Percentile by Number Answered
Your Score History
You have not taken this quiz